Expropiación forzosa y beneficiario privado: una reconstrucción sistemática

Wedi'i Gadw mewn:
Manylion Llyfryddiaeth
Prif Awdur: Utrilla Fernández-Bermejo, Dolores
Fformat: Anhysbys
Iaith:Saesneg
Sbaeneg
Cyhoeddwyd: Madrid, España Marcial Pons 2015
Rhifyn:Primera edición
Cyfres:Colección Administración Pública y Derecho
Pynciau:
Tagiau: Ychwanegu Tag
Dim Tagiau, Byddwch y cyntaf i dagio'r cofnod hwn!

MARC

LEADER 00000 a2200000 4500
003 CL-VaPUC
005 20210313002339.0
008 200115b ||||| |||| 00| 0 eng d
999 |c 376070  |d 376068 
020 |a 9788416402229 
040 |c Pontificia Universidad Católica de Valparaíso 
041 0 |a spa 
082 |a 343.025 UTR 2015 
100 1 |a Utrilla Fernández-Bermejo, Dolores  |9 604987 
245 1 0 |a Expropiación forzosa y beneficiario privado:  |b  una reconstrucción sistemática 
250 |a Primera edición 
260 3 |b Marcial Pons  |c 2015  |a Madrid, España 
300 |a 356 p 
490 0 0 |a Colección Administración Pública y Derecho 
505 0 |a Primera parte. Fundamentos. Segunda parte. Régimen jurídico. 
583 |k Hugo Gaete  |c 20200115 
650 0 0 |a EXPROPIACION  |9 360440 
650 0 0 |a Administración pública   |9 255343 
650 0 0 |a Bienes inmuebles   |9 359521 
942 |2 ddc  |c BK 
952 |0 0  |1 0  |2 ddc  |4 0  |6 343_025000000000000_UTR_2015  |7 0  |9 495244  |a BIBDER  |b BIBDER  |d 2019-12-27  |e 36  |g 27727.00  |i 5568579  |l 1  |o 343.025 UTR 2015  |p 5568579  |r 2023-01-25  |s 2021-07-15  |t 1  |v 27727.00  |w 2019-12-27  |y BK  |k DER